| 000 | 00367nam a22001217a 4500 | ||
|---|---|---|---|
| 082 | _a BIT-10 ARE | ||
| 100 | _a Areej Farooq | ||
| 245 | _aReal time interaction with augmented information space | ||
| 260 |
_aIslamabad _bNUST School of Electrical Engineering and Computer Science _c2013 |
||
| 300 | _a42p. : | ||
| 500 | _a Supervisor: Dr. Hamid Mukhtar | ||
| 942 | _cPR | ||
| 999 |
_c12736 _d12736 |
||